000 00485nam a2200193 a 4500
001 13538
003 CO-ViMGA
008 141112s2004 ck r 000 u spa d
020 _a9589443486
040 _aCO-ViMGA
_bspa
_cCO-ViMGA
082 _a184.1 P517d
100 1 _aPlaton,
_96364
245 1 0 _aDialogos
260 _aSantafé de Bogotá :
_bCometa de Papel,
_c1997
300 _a285
650 1 4 _aFILOSOFIA ANTIGUA
_96365
650 1 4 _aFILOSOFIA GRIEGA
_96366
942 _2ddc
_cBK
999 _c11452
_d11452